000 00820cam a22001934a 4500
005 20250605163941.0
008 250528s ||||||||||||||||||||||||d
035 _a15022
020 _a201182416
040 _aGR-AtMCL
_bgre
_dGR-AtMCL
_eAACR2
245 1 _aComputer Architecture and Design
260 _bΕκδόσεις Κριτική - Επιστημονική Βιβλιοθήκη,
_c1994
300 _a636
520 _aThe main objective of this book is to provide a foundation for understanding and evaluating the design principles incorporated in modern computers. Foreword, Preface, Introductory, The Compiler Interface, The Operating System Interface, The Hardware Interface, Acceleration, Trends, Glossary, Index.
700 1 _aGoor De Van J. A
_9855
942 _cBK
999 _c627
_d627